000 01789nam a2200361 a 4500
001 ebr10676679
003 CaPaEBR
006 m u
007 cr cn|||||||||
008 080206s2008 nyua sb 001 0 eng d
010 _z 2008005517
020 _z9781604564358 (hardcover)
020 _z1604564350 (hardcover)
020 _z9781616680954 (e-book)
040 _aCaPaEBR
_cCaPaEBR
035 _a(OCoLC)841167946
050 1 4 _aR857.N34
_bV57 2008eb
082 0 4 _a610.28/4
_222
100 0 _aViroj Wiwanitkit.
245 1 0 _aAdvanced nanomedicine and nanobiotechnology
_h[electronic resource] /
_cViroj Wiwanitkit.
260 _aNew York :
_bNova Science Publishers, Inc.,
_cc2008.
300 _a232 p. :
_bill.
500 _a"Nova biomedical"--cover.
504 _aIncludes bibliographical references and index.
505 0 _aBasic principles of nanoscience -- Nanostructure materials and nanomodification techniques -- Nanopolymer and nanopolymerization -- Microfluidics, nanofluidics and nanobiosensor -- Nanobiodevice and nanoprobe -- Nanotherapy -- Nanodiagnosis -- Nanopharmacology -- Nanohematology -- Nanoinformatics -- Nanocomputing -- Nanoquantity measurement in medicine -- Nanoimaging and nano-visualization -- Social aspect of nanotechnology -- Quantum medicine -- Picomedicine: next step.
533 _aElectronic reproduction.
_bPalo Alto, Calif. :
_cebrary,
_d2013.
_nAvailable via World Wide Web.
_nAccess may be limited to ebrary affiliated libraries.
650 0 _aNanomedicine.
650 0 _aNanotechnology.
650 0 _aBiotechnology.
655 7 _aElectronic books.
_2local
710 2 _aebrary, Inc.
856 4 0 _uhttp://site.ebrary.com/lib/rucke/Doc?id=10676679
_zAn electronic book accessible through the World Wide Web; click to view
999 _c58444
_d58444